Online
Catalog

Breve historia del colegio de Belén : (Record no. 20049)

MARC details
000 -CABECERA
campo de control de longitud fija 00592nam a2200181 a 4500
001 - NÚMERO DE CONTROL
campo de control 000020545
005 - FECHA Y HORA DE LA ÚLTIMA TRANSACCIÓN
campo de control 20240229074003.0
008 - DATOS DE LONGITUD FIJA--INFORMACIÓN GENERAL
campo de control de longitud fija 100810s2012 dr a 000 0 spa d
020 ## - NÚMERO INTERNACIONAL ESTÁNDAR DEL LIBRO
Número Internacional Estándar del Libro 9789993467755 (rústico)
020 ## - NÚMERO INTERNACIONAL ESTÁNDAR DEL LIBRO
Número Internacional Estándar del Libro 9789993467762 (tapa dura)
040 ## - FUENTE DE LA CATALOGACIÓN
Centro catalogador/agencia de origen DO-SdBNP
Lengua de catalogación spa
Centro/agencia transcriptor BNPHU
082 ## - NÚMERO DE LA CLASIFICACIÓN DECIMAL DEWEY
Número de clasificación xxx
Número de documento/Ítem S127b
100 1# - ENTRADA PRINCIPAL--NOMBRE DE PERSONA
Nombre de persona Sáez , José Luis
Fechas asociadas al nombre 1937-
9 (RLIN) 620
245 #0 - MENCIÓN DE TÍTULO
Título Breve historia del colegio de Belén :
Resto del título volumen 2, 1961-2012 /
Mención de responsabilidad, etc. José Luis Sáez.
260 ## - PUBLICACIÓN, DISTRIBUCIÓN, ETC.
Lugar de publicación, distribución, etc. Santo Domingo :, :
Nombre del editor, distribuidor, etc. Amigo del Hogar,
Fecha de publicación, distribución, etc. 2012.
300 ## - DESCRIPCIÓN FÍSICA
Extensión 346 p. :
Otras características físicas il. ;
Dimensiones 25 cm.
590 ## - NOTA LOCAL (RLIN)
Nota local Inventariado, 2020 / DG
Holdings
Estado de retiro Estado de pérdida No para préstamo Código de colección Localización permanente Ubicación/localización actual Ubicación en estantería Fecha de adquisición Número de inventario Total de préstamos Signatura topográfica completa Código de barras Fecha visto por última vez Precio válido a partir de Tipo de ítem Koha
    Excluido de préstamo Patrimonio Dominicano Patrimonio Dominicano Patrimonio Dominicano Depósito 06.03.2020 LF1   xxx S127b 20545-10 25.06.2020 25.06.2020 Libro y Folleto Colección Patrimonio Dominicano

Powered by Koha